| 000 | 00417nam a2200145Ia 4500 | ||
|---|---|---|---|
| 008 | 211109s9999||||xx |||||||||||||| ||und|| | ||
| 082 |
_a894.8123 _bLAL-K |
||
| 100 | _aLalithampika Antharjanam, | ||
| 245 | 0 | _aKannirinte Punchiri | |
| 260 |
_bSAHITHYA PRVARTHAKA SANGHAM _aKottayam _c1959 |
||
| 300 | _a114p. | ||
| 630 | _xGeneral Stack | ||
| 650 |
_aMALAYALAM LITERATURE _vMALAYALAM NOVEL _xGeneralia |
||
| 942 | _cBOOK | ||
| 999 |
_c20408 _d20408 |
||